000
00303nam a22001337a 4500
020
_a
978-81-8477-698-0
082
_a
001
_b
JOH/C
100
_a
JOHAR, PRACHI JOSHI
245
_a
CRACK IT!
260
_a
GURGAON
_b
SCHOLASTIC INDIA
_c
2011
300
_a
66
650
_a
GENERAL KNOWLEDGE
_z
INDIA
942
_c
BK
999
_c
6538
_d
6538